| 000 | 01994nam a22002417a 4500 | ||
|---|---|---|---|
| 003 | GR-AtMCL | ||
| 005 | 20260126110739.0 | ||
| 006 | a|||||r||||||||||| | ||
| 008 | | ||||gr |||g ||| 000 1 gre d | ||
| 020 | _a9789600356717 | ||
| 040 |
_aGR-AtMCL _bgre _dGR-AtMCL _eAACR2 |
||
| 041 | 1 | _hpor | |
| 100 |
_aSaramago, José _910286 |
||
| 245 | 1 | 0 |
_aΠερί τυφλότητος : _bΜυθιστόρημα / _cΖοζέ Σαραμάγκου ; μετάφραση από τα πορτογαλικά Αθηνά Ψυλλιά |
| 260 |
_aΑθήνα : _bΚαστανιώτης, _c1998 |
||
| 300 |
_a381 σ. ; _c21εκ. |
||
| 520 | _aΈνας άνθρωπος χάνει ξαφνικά το φως του. Τα περιστατικά αιφνίδιας τύφλωσης κλιμακώνονται και η κυβέρνηση αποφασίζει να βάλει σε καραντίνα τους τυφλούς. Με γραφειοκρατική ακρίβεια, ο Ζοζέ Σαραμάγκου έχει υπολογίσει όλα όσα θα μπορούσαν να συμβούν σ' έναν κόσμο που χάνει την όρασή του. Για πόσο καιρό η κίνηση στους δρόμους θα είναι ομαλή; Για πόσο καιρό θα επαρκούν τα τρόφιμα για τις πεινασμένες ορδές; Πόσος χρόνος χρειάζεται για να καταρρεύσει η παροχή του ηλεκτρικού ρεύματος, αερίου και νερού; Τι θ' απογίνουν τα κατοικίδια; Οι σεξουαλικοί φραγμοί; Πόσοι τυφλοί φτιάχνουν μια τυφλότητα; Και τέλος: Σε έναν κόσμο τυφλών, τι θα έκανες αν έβλεπες; | ||
| 650 | 0 |
_aΙσπανική λογοτεχνία _910288 |
|
| 653 | _aΛογοτεχνία | ||
| 700 |
_aΨυλλιά, Αθηνά _910287 |
||
| 942 | _cBK | ||
| 999 |
_c10078 _d10078 |
||